| 000 | 00492nam a22001937a 4500 | ||
|---|---|---|---|
| 003 | OSt | ||
| 005 | 20140311134812.0 | ||
| 008 | 130215t xxu||||| |||| 00| 0 eng d | ||
| 020 | _a1859745164 | ||
| 050 |
_aTT 515 _b.B497 2000 |
||
| 082 |
_aM 646.4 _bB45 2000 |
||
| 245 |
_aClassic clothes _cBergh, Ren'e |
||
| 260 |
_aLondon _bNew Holland Pub., _cc2000 |
||
| 300 |
_a144 p. _bcol. ill., patterns _c18 cm. |
||
| 942 |
_2lcc _cBK _kM |
||
| 999 |
_c35842 _d35842 |
||